000 00643cam a2200205 4500
001 WB3545-26
008 000000n1999 000 0 eng u
035 _a(Sirsi) u102211
245 _aScottish projects commended
260 _c1999
490 _aRICS Press Release
_v16 November 1999 (3)
520 _aTwo Scottish entries have been commended in the RICS Awards 1999, in the Building Conservation and Building Efficiency categories.
590 _aWB
650 _aRICS IN SCOTLAND
650 _aABOUT RICS-RICS AWARDS
650 _aBUILDING CONSERVATION
650 _aBUILDING EFFICIENCY
690 _aCONSERVATION
942 _n0
999 _c61265
_d61265